000 00389nam a22001697a 4500
003 MPLRDC
005 20220104142544.0
008 210129b ||||| |||| 00| 0 eng d
082 _a857.7 XFZ
100 _a邢凤藻
245 _a德子外传
_c
250 _a一版一刷
260 _a
_b新蕾出版社
_c1985
300 _b
650 _a长篇小说
942 _cBK
_o857.7 XFZ
999 _c31835
_d31825